|
|
|
|
| LEADER |
00000cam a2200000 4500 |
| 001 |
vtls012086554 |
| 003 |
SK-MaSNL |
| 005 |
20260302062125.0 |
| 008 |
220208s2021 xo aoclg np 000 0 slo |
| 015 |
|
|
|a SNBA2023/02
|
| 020 |
|
|
|a 9788022352574
|q (brožované)
|
| 040 |
|
|
|a SNK
|b slo
|c SNK
|e rda
|
| 041 |
0 |
|
|a slo
|
| 044 |
|
|
|a xo
|c SK
|
| 072 |
|
7 |
|a 613
|x Hygiena. Ľudské zdravie
|2 konspekt
|
| 080 |
|
|
|a 613.2
|2 2011
|
| 080 |
|
|
|a 613:304.3
|2 2011
|
| 080 |
|
|
|a 612.39
|2 2011
|
| 080 |
|
|
|a 614
|2 2011
|
| 080 |
|
|
|a (075.8)
|2 2011
|
| 080 |
|
|
|a 615.356
|2 2011
|
| 100 |
1 |
|
|a Fillo, Juraj
|4 aut
|9 12773
|
| 245 |
1 |
0 |
|a Vplyv výživy na zdravie
|c Juraj Fillo
|
| 250 |
|
|
|a Druhé rozšírené vydanie
|
| 264 |
|
1 |
|a Bratislava
|b Univerzita Komenského v Bratislave
|c 2021
|
| 300 |
|
|
|a 332 strán
|b fotografie, ilustrácie, portréty, tabuľky
|c 24 cm
|
| 336 |
|
|
|a text
|b txt
|2 rdacontent
|
| 337 |
|
|
|a bez média
|b n
|2 rdamedia
|
| 338 |
|
|
|a zväzok
|b nc
|2 rdacarrier
|
| 366 |
|
|
|e 400 kusov
|
| 500 |
|
|
|a Obsahuje profesijné údaje o autorovi
|
| 504 |
|
|
|a Bibliografia na strane 326-332
|
| 650 |
0 |
7 |
|a zdravá výživa
|2 SNKPH
|9 66259
|
| 650 |
0 |
7 |
|a zdravý životný štýl
|2 SNKPH
|9 68571
|
| 650 |
0 |
7 |
|a výživa človeka
|2 SNKPH
|9 4211
|
| 650 |
0 |
7 |
|a zdravotné aspekty
|2 SNKPH
|9 70173
|
| 650 |
0 |
7 |
|a racionálna výživa
|2 SNKPH
|9 2578
|
| 650 |
0 |
7 |
|a vitamíny
|2 SNKPH
|9 2616
|
| 650 |
0 |
7 |
|a Healthy eating
|2 SNKPHeng
|9 267865
|
| 650 |
0 |
7 |
|a Healthy lifestyle
|2 SNKPHeng
|9 268752
|
| 650 |
0 |
7 |
|a Human nutrition
|2 SNKPHeng
|9 267863
|
| 650 |
0 |
7 |
|a Health aspects
|2 SNKPHeng
|9 319975
|
| 650 |
0 |
7 |
|a Dietetic food
|2 SNKPHeng
|9 278216
|
| 650 |
0 |
7 |
|a Vitamins
|2 SNKPHeng
|9 413674
|
| 655 |
|
7 |
|a učebnice vysokých škôl
|2 SNKPH
|9 70191
|
| 655 |
|
7 |
|a Textbooks (higher)
|2 SNKPHeng
|9 276436
|
| 700 |
1 |
|
|a Zvolenská, Lýdia
|4 ill
|9 721744
|
| 919 |
|
|
|a 978-80-223-5257-4
|
| 954 |
|
|
|a odborná, vedecká literatúra pôvodná (slovenská)
|2 lita
|
| 958 |
|
|
|a NB
|
| 999 |
|
|
|c 1128039
|d 1129969
|
| 952 |
|
|
|a SNK
|b SNK
|y PREZ
|7 0
|p 17A1514612
|o snkSC 199677
|i snk2022/16032
|8 0
|0 0
|1 0
|4 0
|d 2022-10-21
|l 0
|r 2025-10-22 00:00:00
|w 2026-02-24
|